Algebra 2 : linear algebra, galois theory, representation theory, group extensions and schur multiplier (Record no. 12435)

000 -LEADER
fixed length control field 00554nam a22001697a 4500
008 - FIXED-LENGTH DATA ELEMENTS--GENERAL INFORMATION
fixed length control field 230627b 2017 ||||| |||| 00| 0 eng d
020 ## - INTERNATIONAL STANDARD BOOK NUMBER
International Standard Book Number 9789811042553
082 ## - DEWEY DECIMAL CLASSIFICATION NUMBER
Classification number 512
Item number LAL
100 ## - MAIN ENTRY--PERSONAL NAME
Personal name Lal, Ramji
245 ## - TITLE STATEMENT
Title Algebra 2 : linear algebra, galois theory, representation theory, group extensions and schur multiplier
260 ## - PUBLICATION, DISTRIBUTION, ETC. (IMPRINT)
Place of publication, distribution, etc UP
Name of publisher, distributor, etc Ramji Lal, Harish Chandra Research Institute (HRI)
Date of publication, distribution, etc 2017
300 ## - PHYSICAL DESCRIPTION
Extent xviii, 432p.
650 ## - SUBJECT ADDED ENTRY--TOPICAL TERM
Topical term or geographic name as entry element Vector Spaces
650 ## - SUBJECT ADDED ENTRY--TOPICAL TERM
Topical term or geographic name as entry element Matrices and Linear Equations
650 ## - SUBJECT ADDED ENTRY--TOPICAL TERM
Topical term or geographic name as entry element Linear Transformations
942 ## - ADDED ENTRY ELEMENTS (KOHA)
Item type Books
Holdings
Withdrawn status Lost status Source of classification or shelving scheme Damaged status Not for loan Collection code Permanent location Current location Shelving location Date acquired Full call number Barcode Date last seen Koha item type Public note
          Reference IMU-MPC Library IMU-MPC Library General Stacks 2023-06-27 512 LAL MPC6778 2025-03-17 Books Column - 24
Copyright © 2021 Indian Maritime University, Mumbai Port Campus. All Rights Reserved. Managed & Maintained by Central Library, IMU-Mumbai

webs counters

Powered by Koha